000 00686nam a22002297a 4500
003 UA-OsUOA
001 85368
007 ta
008 20120622b un ||||| |||| 00| 0 ukr d
100 _aДадашев Б.А.
700 _aОбливанцов В.В.
090 _a330(477)
_bД14
942 _cSA
040 _aUA-OsUOA
_bukr
_cUA-OsUOA
_dUA-OsUOA
245 _aСучасий стан і перспективи розвитку кредитних спілок в Україні
300 _aС.49-56
955 _a0
041 _aukr
080 _a330(477)
773 0 _w85365
_tЕкономіка АПК
_dК.
_d2012
_g6
650 7 _a330 Економіка взагалі
_2UDC
999 _c371604
_d371604